| 000 | 00762nam a2200265Ia 4500 | ||
|---|---|---|---|
| 003 | OSt | ||
| 005 | 20220918214514.0 | ||
| 006 | a|||||r|||| 00| 0 | ||
| 007 | ta | ||
| 008 | 220917b |||||||| |||| 00| 0 eng d | ||
| 024 | _a137,741 | ||
| 037 | _cTextual | ||
| 040 |
_aARTS _cARTS _beng |
||
| 041 |
_2eng _aeng |
||
| 082 | _aY:356(/\,16).4445.g7H, L6 | ||
| 100 |
_aHitchcock John T _9131548 |
||
| 245 | 0 | _aSpirit possession in the Nepal Himalayas | |
| 260 |
_aNew Delhi _bVikas _c1976 |
||
| 300 |
_axxviii, 401p. _ccm. |
||
| 500 | _aBibliography p390-401 | ||
| 650 | _aSOCIOLOGY | ||
| 700 |
_a Jones Rex L _9131549 |
||
| 942 |
_hY:356(/\,16).4445.g7H, L6 _cTEXL _2CC |
||
| 999 |
_c260820 _d260820 |
||